MAASAI MARA UNIVERSITY

LIBRARY CATALOGUE

Contact Us: +254 020 2685356/7 or 0774 057787

Box: 861-20500, NAROK, KENYA

Email: info@mmarau.ac.ke

_Corporate Information Strategy and Management Text and Cases(7th ed) Applegate Lynda M. (Record no. 1341)

MARC details
000 -LEADER
fixed length control field 00586nam a2200193Ia 4500
003 - CONTROL NUMBER IDENTIFIER
control field OSt
005 - DATE AND TIME OF LATEST TRANSACTION
control field 20170518092218.0
008 - FIXED-LENGTH DATA ELEMENTS--GENERAL INFORMATION
fixed length control field 151015s9999 xx 000 0 und d
020 ## - INTERNATIONAL STANDARD BOOK NUMBER
International Standard Book Number 97800706358e+012
040 ## - CATALOGING SOURCE
Transcribing agency MMU
050 ## - LIBRARY OF CONGRESS CALL NUMBER
Classification number HD30.2.A65 2009
100 ## - MAIN ENTRY--PERSONAL NAME
Personal name Applegate,Lynda M.
245 ## - TITLE STATEMENT
Title _Corporate Information Strategy and Management Text and Cases(7th ed) Applegate Lynda M.
260 ## - PUBLICATION, DISTRIBUTION, ETC. (IMPRINT)
Place of publication, distribution, etc. New Delhi Tata McGraw-Hill 2007
500 ## - GENERAL NOTE
General note Includes bibliography and index.
650 ## - SUBJECT ADDED ENTRY--TOPICAL TERM
Topical term or geographic name as entry element _Business impacts
700 ## - ADDED ENTRY--PERSONAL NAME
Personal name ^d20110216 11:33:42^oanne
942 ## - ADDED ENTRY ELEMENTS (KOHA)
Source of classification or shelving scheme Library of Congress Classification
Koha item type L
Holdings
Withdrawn status Lost status Source of classification or shelving scheme Damaged status Not for loan Home library Current library Date acquired Source of acquisition Total Checkouts Full call number Date last seen Price effective from Koha item type
    Library of Congress Classification     Maasai Mara University Library -Main Campus Maasai Mara University Library -Main Campus 08/09/2016 DONATION   HD30.2.A65 2009 08/09/2016 08/09/2016 L
© 2016 Maasai Mara University.